1413 1036 1804 1710 1691 1812 1596 1330 1297 1468 1939 1216 1971 1540 1786 1694 1907 1468 1652 1186 1160 1311 1103 1924 1092 1025 1113 1891 1332 1769 1394 1316 1191 1010 1961 1185 1195 1877 1137 1700 1193 1260 1968 1391 1582 1416 1621 1277 1516 1656 1485 1599 1337 1980 1276 1705 1405 1776 1116 1672 1326 1675 1821 1761 1240 1814 1257 1405 1888 1069 1065 1634 1739 1843 1577 1553 1602 1852 1180 1759 1028 1145 1986 1881 1936 1037 1725 1471 1081 1319 1828 1562 1100 1852 1025 1702 1183 1340 1397 BCNSPRNW ULIB Ver.6.0+V

เปลี่ยนเป็นภาษาไทย

Change to English
 แสดงรายละเอียดบรรณานุกรม
  กลับหน้าหลัก

Brief Record : Get Marc (ISO 2709) : E-mail record : QR code < ปิดหน้าต่าง
LEADER : 00000nas 2200000uu 4500
001    13399120113
003     ULIB
008    020711s|||| th a 000 0 tha d
022    ^a15134695
110    ^aสมาคมพฤฒาวิทยาและเวชศาสตร์ผู้สูงอายุ
245    ^aวารสารพฤฒาวิทยาและเวชศาสตร์ผู้สูงอายุ /^cสมาคมพฤฒาวิทยาและเวชศาสตร์ผู้สูงอายุ
260    กรุงเทพฯ :^bสมาคมพฤฒาวิทยาและเวชศาสตร์ผู้สูงอายุ,^cม.ป.ป.
310    ^aรายสี่เดือน
850    ^aปีที่15 ฉบับที่3 ฉ.1
945    ^p0^l0^i900672
999    ^aวรรณษา ชูชัยมงคล
รายการนี้ยังไม่มีแท็ก
คุณยังไม่ได้ล็อกอิน คุณสามารถมีกิจกรรมร่วมกับเว็บไซต์ได้ แต่ต้องล็อกอินก่อน ::
  ล็อกอิน

รายการสื่อสารสนเทศ (วารสาร)

ดูแบบ: กล่อง รายการ
ARRIVED
ปีที่ 4 ฉบับที่ 7
สถานที่: ห้องสมุดวิทยาเขตสวรรค์ประชารักษ์ >วารสาร

BibComment


ยังไม่เคยถูกคอมเมนท์

คอมเมนท์ทรัพยากรรายการนี้
  คอมเมนท์: วารสารพฤฒาวิทยาแ..


 Copyright 2026. Bcnsprnw @Library